000 00401nam a2200145Ia 4500
005 20250324070027.0
008 240331s9999 xx 000 0 und d
082 _a302.24
_bROY
_26027
100 _aRoy, A
245 0 _aSurvival and Right to Information
260 _aHyderabad,
_bForum for Freedom of Expression
300 _a22 p.,
500 _aA lecture on Gulam Rasool, a city reporter.
942 _cL
999 _c980
_d980